000 00418nam a2200181Ia 4500
001 10064
005 20260306161804.0
008 260306t2007||||xx |||||||||||||| ||spa||
041 _aESP
082 _aPOR 869.89
_bS26
100 _aSaramago, José
_eAUT
245 0 _aEnsayo sobre la ceguera
260 _c2007
300 _a373 páginas :
_ccm.
650 _aGEN
654 _aCHU
942 _cLIB
_dJUS
_fJUS
_2ddc
_n
999 _c10064
_d10064